000 00385nam a22001577a 4500
005 20251108175758.0
008 250721s1979 xx 000 0 eng d
082 1 4 _a332.45/CON
100 1 _amary, fiona
245 1 0 _aforeign exchange today /
264 1 _aLONDON :
_bBilling and sons ltd,
_c1979.
300 _a171P.
650 1 7 _aexchange
942 _2ddc
_cBK
999 _c142186
_d142186